A Semiclassical Approach to the Nonlocal Nonlinear Schrödinger Equation with a Non-Hermitian Term; Mathematics; Vol. 12, iss. 4
| Parent link: | Mathematics.— .— Basel: MDPI AG Vol. 12, iss. 4.— 2024.— Article number 580, 22 p. |
|---|---|
| Κύριος συγγραφέας: | |
| Συγγραφή απο Οργανισμό/Αρχή: | |
| Άλλοι συγγραφείς: | |
| Περίληψη: | Title screen The nonlinear Schrödinger equation (NLSE) with a non-Hermitian term is the model for various phenomena in nonlinear open quantum systems. We deal with the Cauchy problem for the nonlocal generalization of multidimensional NLSE with a non-Hermitian term. Using the ideas of the Maslov method, we propose the method of constructing asymptotic solutions to this equation within the framework of semiclassically concentrated states. The semiclassical nonlinear evolution operator and symmetry operators for the leading term of asymptotics are derived. Our approach is based on the solutions of the auxiliary dynamical system that effectively linearizes the problem under certain algebraic conditions. The formalism proposed is illustrated with the specific example of the NLSE with a non-Hermitian term that is the model of an atom laser. The analytical asymptotic solution to the Cauchy problem is obtained explicitly for this example. Текстовый файл |
| Γλώσσα: | Αγγλικά |
| Έκδοση: |
2024
|
| Θέματα: | |
| Διαθέσιμο Online: | http://earchive.tpu.ru/handle/11683/132477 https://doi.org/10.3390/math12040580 |
| Μορφή: | Ηλεκτρονική πηγή Κεφάλαιο βιβλίου |
| KOHA link: | https://koha.lib.tpu.ru/cgi-bin/koha/opac-detail.pl?biblionumber=672132 |
MARC
| LEADER | 00000naa0a2200000 4500 | ||
|---|---|---|---|
| 001 | 672132 | ||
| 005 | 20250915091904.0 | ||
| 090 | |a 672132 | ||
| 100 | |a 20240408d2024 k||y0rusy50 ca | ||
| 101 | 1 | |a eng | |
| 102 | |a CH | ||
| 135 | |a drcn ---uucaa | ||
| 181 | 0 | |a a |b e | |
| 182 | 0 | |a b | |
| 183 | 0 | |a cr |2 RDAcarrier | |
| 200 | 1 | |a A Semiclassical Approach to the Nonlocal Nonlinear Schrödinger Equation with a Non-Hermitian Term |f A. E. Kulagin, A. V. Shapovalov | |
| 203 | |a Текст |b визуальный |c электронный | ||
| 283 | |a online_resource |2 RDAcarrier | ||
| 300 | |a Title screen | ||
| 320 | |a References: 53 tit. | ||
| 330 | |a The nonlinear Schrödinger equation (NLSE) with a non-Hermitian term is the model for various phenomena in nonlinear open quantum systems. We deal with the Cauchy problem for the nonlocal generalization of multidimensional NLSE with a non-Hermitian term. Using the ideas of the Maslov method, we propose the method of constructing asymptotic solutions to this equation within the framework of semiclassically concentrated states. The semiclassical nonlinear evolution operator and symmetry operators for the leading term of asymptotics are derived. Our approach is based on the solutions of the auxiliary dynamical system that effectively linearizes the problem under certain algebraic conditions. The formalism proposed is illustrated with the specific example of the NLSE with a non-Hermitian term that is the model of an atom laser. The analytical asymptotic solution to the Cauchy problem is obtained explicitly for this example. | ||
| 336 | |a Текстовый файл | ||
| 461 | 1 | |c Basel |n MDPI AG |t Mathematics | |
| 463 | 1 | |d 2024 |t Vol. 12, iss. 4 |v Article number 580, 22 p. | |
| 610 | 1 | |a электронный ресурс | |
| 610 | 1 | |a труды учёных ТПУ | |
| 610 | 1 | |a semiclassically concentrated solutions | |
| 610 | 1 | |a Maslov’s complex germ method | |
| 610 | 1 | |a open quantum systems; asymptotic solution | |
| 610 | 1 | |a dissipation; atom laser | |
| 700 | 1 | |a Kulagin |b A. E. |c mathematician |c Associate Professor of Tomsk Polytechnic University, Candidate of Physical and Mathematical Sciences |f 1992- |g Anton Evgenievich |9 18885 | |
| 701 | 1 | |a Shapovalov |b A. V. |c mathematician |c Professor of Tomsk Polytechnic University, Doctor of physical and mathematical sciences |f 1949- |g Aleksandr Vasilyevich |9 15847 | |
| 712 | 0 | 2 | |a National Research Tomsk Polytechnic University |c (2009- ) |9 27197 |
| 801 | 0 | |a RU |b 63413507 |c 20240406 | |
| 850 | |a 63413507 | ||
| 856 | 4 | |u http://earchive.tpu.ru/handle/11683/132477 |z http://earchive.tpu.ru/handle/11683/132477 | |
| 856 | 4 | |u https://doi.org/10.3390/math12040580 |z https://doi.org/10.3390/math12040580 | |
| 942 | |c CR | ||